| 000 | 00677nam a2200193Ia 4500 | ||
|---|---|---|---|
| 003 | Ost | ||
| 005 | 20260507075803.0 | ||
| 008 | 260507s9999||||xx |||||||||||||| ||und|| | ||
| 040 | _cfsecg | ||
| 041 | _aara | ||
| 082 | _a340 | ||
| 100 |
_aفيلالي، علي _eمؤلف |
||
| 245 | 0 |
_aمقدمة في القانون / _c علي فيلالي |
|
| 260 |
_aالجزائر : _bموفم للنشر والتوزيع, _c2005 |
||
| 300 |
_a303 صفحة؛ _bإيضاحات ؛ _c24 سم |
||
| 520 | _aيضم مفهوم القاعدة القانونية، تكوين القاعدة القانونية، تطبيق القانون. | ||
| 653 | _aالقانون | ||
| 942 | _cكتاب | ||
| 999 |
_c46330 _d46330 |
||